Cheating time /

How far can medical science alter reproductive abilities and fight aging? Horizon looks at the latest research into whether women need the menopause and discusses ways in which it can be delayed, or even stopped all together.

Bibliographic Details
Other Authors: Cadbury, Deborah (Screenwriter, Producer), Cornwell, Charlotte (Narrator)
Format: Video
Language:English
Language Notes:This edition in English.
Published: London : British Broadcasting Corporation (BBC), 1993.
Series:Horizon ; series 29, episode 3
VAST: Academic Video Online
Subjects:
Online Access:Connect to this streaming video (Alexander Street Press)

MARC

Tag First Indicator Second Indicator Subfields
LEADER 00000cgm a2200000Ma 4500
001 in00005557166
006 m o c
007 cr |na---||a|a
007 vz |zazu|
008 140106s1993 enk050 g o vueng d
005 20241201231645.4
035 |a (OCoLC)ocn867554386 
040 |a ALSTP  |b eng  |e pn  |c ALSTP  |d OCLCQ  |d OCLCO  |d OCLCF  |d VZF  |d OCLCQ  |d OCLCO  |d OCLCQ  |d CAUOI  |d MNI  |d WYU  |d OCLCO  |d CJT  |d OCLCL 
019 |a 1007232628  |a 1373436839  |a 1430834170  |a 1443990508 
035 |a (OCoLC)867554386  |z (OCoLC)1007232628  |z (OCoLC)1373436839  |z (OCoLC)1430834170  |z (OCoLC)1443990508 
050 4 |a PN1200eb 
049 |a TXAM 
245 0 0 |a Cheating time /  |c written and produced by Deborah Cadbury. 
260 |a London :  |b British Broadcasting Corporation (BBC),  |c 1993. 
300 |a 1 online resource (50 min.). 
306 |a 005016 
336 |a two-dimensional moving image  |b tdi  |2 rdacontent 
337 |a computer  |b c  |2 rdamedia 
338 |a online resource  |b cr  |2 rdacarrier 
347 |a data file  |2 rda 
490 0 |a Horizon ;  |v series 29, episode 3 
490 0 |a VAST: Academic Video Online 
500 |a Title from resource description page (viewed Dec. 9, 2013). 
520 |a How far can medical science alter reproductive abilities and fight aging? Horizon looks at the latest research into whether women need the menopause and discusses ways in which it can be delayed, or even stopped all together. 
546 |a This edition in English. 
650 0 |a Aging. 
650 0 |a Genetic engineering. 
650 0 |a Menopause. 
650 0 |a Pregnancy in middle age. 
650 0 |a Rejuvenation. 
650 2 |a Aging 
650 2 |a Menopause 
650 2 |a Rejuvenation 
650 6 |a Vieillissement. 
650 6 |a Ménopause. 
650 6 |a Grossesse chez la femme d'âge moyen. 
650 6 |a Rajeunissement. 
650 7 |a Aging.  |2 fast  |0 (OCoLC)fst00800293 
650 7 |a Genetic engineering.  |2 fast  |0 (OCoLC)fst00940027 
650 7 |a Menopause.  |2 fast  |0 (OCoLC)fst01016245 
650 7 |a Pregnancy in middle age.  |2 fast  |0 (OCoLC)fst01075162 
650 7 |a Rejuvenation.  |2 fast  |0 (OCoLC)fst01093561 
655 4 |a Alexander Street Video. 
655 7 |a Documentary television programs.  |2 fast  |0 (OCoLC)fst01710387 
655 7 |a Documentary television programs.  |2 lcgft 
655 7 |a Documentaires télévisés.  |2 rvmgf 
700 1 |a Cadbury, Deborah.  |4 aus  |4 pro 
700 1 |a Cornwell, Charlotte.  |4 nrt 
758 |i has work:  |a Cheating time (MovingImage)  |1 https://id.oclc.org/worldcat/entity/E39PCH8PK9VBvxQbr448bBWX7d  |4 https://id.oclc.org/worldcat/ontology/hasWork 
776 0 8 |i Print version:  |t Cheating time.  |d London : British Broadcasting Corporation (BBC), 1993  |w (OCoLC)45754964 
856 4 0 |u http://proxy.library.tamu.edu/login?url=https://www.aspresolver.com/aspresolver.asp?FLON;1796309  |z Connect to this streaming video (Alexander Street Press)  |t 0 
955 |a Alexander Street Press subscription streaming video 
994 |a 92  |b TXA 
999 f f |s cb17737d-e9f7-4e3b-80dd-c39f06cd331c  |i 4c4361f7-1d05-4139-9e3a-7b80ed4c8a11  |t 0 
952 f f |a Texas A&M University  |b College Station  |c Electronic Resources  |d Available Online  |t 0  |e PN1200eb   |h Library of Congress classification 
998 f f |a PN1200eb   |t 0  |l Available Online